000 00595cam a2200205 4500500
005 20260405003813.0
041 _afre
042 _adc
100 1 0 _ade Oliveira, Victorine
_eauthor
245 0 0 _aBeauvoir et les trois vagues du féminisme
260 _c2023.
500 _a10
690 _aBeauvoir
690 _aDroits
690 _aFemme
690 _aLuttes
690 _aMeToo
786 0 _nPhilosophie magazine | 174 | 11 | 2023-11-01 | p. 58-58 | 1951-1787
856 4 1 _uhttps://shs.cairn.info/magazine-philosophie-magazine-2023-11-page-58?lang=fr&redirect-ssocas=7080
999 _c2070963
_d2070963